MARC
| LEADER | 00000nam a2200000Ia 4500 | ||
|---|---|---|---|
| 008 | 170316s9999 xx 000 0 und d | ||
| 040 | |a cru BVZT | ||
| 090 | |a 818 M-14.1m | ||
| 245 | |a Les meilleurs contes fantastiques Québécois du XIX siècle | ||
| 250 | |a 13 | ||
| 260 | |a Canadá | ||
| 260 | |b FIDES | ||
| 260 | |c 2001 | ||
| 300 | |a 364 páginas | ||
| 650 | |a LITERATURA CANADIENSE | ||
| 650 | |a CUENTOS | ||
| 999 | |c 6536 |d 6536 | ||
| 942 | |c 15 D |h 818 M-14.1m |2 z | ||
